000 00335nam a2200157Ia 4500
003 IT-RoPAU
008 120407s9999 xx 000 0 und d
040 _aIT-RoPAU
040 _cIT-RoPAU
100 _aPio X
245 _aCatechismo maggiore promulgato da San Pio X
260 _aAres
300 _c cm
490 _v1
942 _cBK
999 _c904
_d904